Eisenhower and Latin America: the foreign policy of anticommunism
Uloženo v:
| Hlavní autor: | |
|---|---|
| Médium: | Kniha |
| Jazyk: | angličtina |
| Vydáno: |
Chapel Hill
The University of North Carolina Press
1988
|
| Témata: | |
| Tagy: |
Přidat tag
Žádné tagy, Buďte první, kdo vytvoří štítek k tomuto záznamu!
|
MARC
| LEADER | 00000nam a2200000 a 4500 | ||
|---|---|---|---|
| 001 | UCX0708 | ||
| 003 | CL-VaPUC | ||
| 008 | 900117e19880000US |||||||||||||||||eng|d | ||
| 082 | 0 | 4 | |a 327 |b RAB |2 21 |
| 100 | 0 | |a Rabe, Stephen G |e author |9 316134 | |
| 245 | 1 | 0 | |a Eisenhower and Latin America: the foreign policy of anticommunism |
| 300 | |a 237 p | ||
| 942 | |c BK | ||
| 945 | |d 19900117 00:00:00 | ||
| 260 | |a Chapel Hill |b The University of North Carolina Press |c 1988 | ||
| 600 | 0 | 7 | |a EISENHOWER, DWIGHT DAVID |2 CL-VaPUC |9 316135 |
| 650 | 7 | |a RELACIONES EXTERIORES 1953-1961 |2 CL-VaPUC |9 316136 | |
| 651 | 0 | |a América Latina |9 255027 | |
| 651 | 0 | |a Estados Unidos |9 255178 | |
| 583 | |a last modification |c 20120731 08:57:17 |k Rodrigo Vera | ||
| 999 | |c 222222 |d 222220 | ||
| 952 | |0 0 |1 0 |4 0 |6 327_000000000000000_RAB_1988 |7 0 |8 A |9 216634 |a BIBHIS |b BIBHIS |d 2019-11-15 |i 2852748 |o 327 RAB 1988 |p 2852748 |r 2025-01-20 |w 2019-11-15 |y BK |k HIS | ||